000 00473nam a2200181Ia 4500
001 2899
005 20260306144841.0
008 260306t2012||||xx |||||||||||||| ||spa||
041 _aESP
082 _a231.901
_bR27A P. 2
100 _aRatzinger, Joseph
_eAUT
245 0 _aJesús de Nazaret:
_bdesde la entrada en Jerusalén hasta la Resurrección
260 _c2012
300 _a310 páginas :
_c18 cm.
650 _aGEN
654 _aCHU
942 _cLIB
_dJUS
_fJUS
_2ddc
_n
999 _c2899
_d2899